000 00427pab a2200169 454500
008 180718b2007 xxu||||| |||| 00| 0 eng d
100 _aSharma, H.R.
245 _aLand distribution and tenancy among different social groups
260 _c2007
300 _ap.4183-185.
362 _a13 Oct
650 _aSocial class
650 _aLand tenure
773 _aEconomic and Political Weekly
908 _aN
909 _a75989
999 _c75989
_d75989